| 000 | 01109nam a22001457a 4500 | ||
|---|---|---|---|
| 040 | _c0 | ||
| 082 | _a153.94,ICA | ||
| 245 | _aCA Foundation Examination of the Institute of Chartered Accountants of Pakistan / | ||
| 250 | _aPaper A 3 | ||
| 260 |
_aPakistan _bFoulks Lynch |
||
| 300 | _a312 p | ||
| 505 | _aEconomic concepts (Page-1), Economics Systems (Page-16), Demand and Supply (Page-23), Analysis of Consumer Behaviour (Page-42), Elasticity of Demnad and Supply, Measurement Types and Importance (Page-59), Theory of Firm (Page-72), Equilibrium of Firm and Industry (Page-91), Factors of Production (Page-116), Macroecomomic Environment (Page-129), Consumpution, Saving & Investment Functions (Page-140), Government & the Economy Unemployment & Inflation (Page-162), Government & the Economy business Cycles, Growth and Development (Page-178), Fiscal Policy (Page-198), Monetary and Interest Rate Poicy (Page-212), Money (Page-223), Banking System and Financial Intermediaries (Page-242), International Trade (Page-285). | ||
| 650 |
_aIntroduction to Economics and Finance _9113536 |
||
| 942 |
_2ddc _cBK |
||
| 999 |
_c595209 _d595209 |
||